Statistics for Every NFL Teams Best Player who has passed away

Click here to take the quiz!

General Stats

  • This quiz has been taken 16 times
  • The average score is 16 of 32

Answer Stats

TeamPos.Player% Correct
CHIRBWalter Payton
92%
LACOLBJunior Seau
85%
CLEQBOtto Graham
77%
TENQBSteve McNair
77%
LARDEDeacon Jones
69%
DENWRDemaryius Thomas
69%
HOUWRDemaryius Thomas
69%
KANOLBDerrick Thomas
69%
GBPWRDon Hutson
69%
NYJWRDon Maynard
69%
WASQBSammy Baugh
69%
INDQBJohnny Unitas
62%
SEADTCortez Kennedy
54%
DETCBDick Lane
54%
LVRIOLGene Upshaw
54%
PITCMike Webster
54%
DALWRBob Hayes
46%
JAXLBGeno Hayes
46%
CAROLBKevin Greene
46%
BALWRMichael Jackson
46%
TBBWRVincent Jackson
46%
SFFWRDwight Clark
38%
NYGCMel Hein
38%
PHIRBSteve Van Buren
38%
MINDEChris Doleman
31%
ATLDEClaude Humphrey
31%
ARISLarry Wilson
31%
MIAMLBNick Buoniconti
31%
NOSCBDave Waymer
23%
CINCBKen Riley
23%
BUFSGeorge Saimes
15%
NEPDEJulius Adams
15%

Score Distribution

Percentile by Number Answered

Percent of People with Each Score

Your Score History

You have not taken this quiz